[Event "zonal 3.5 (w)"]
[Site "Zhongshan CHN"]
[Date "2013.11.06"]
[Round "9.1"]
[White "Wang Jue"]
[Black "Ni Shiqun"]
[Result "1-0"]
[WhiteElo "2382"]
[BlackElo "2207"]
[EventDate "2013.10.29"]
[PlyCount "111"]

1.e4 e6 2.d4 d5 3.Nc3 Nf6 4.Bg5 Bb4 5.e5 h6 6.Bc1 Ne4 7.Qg4 Kf8 8.Ne2 c5 
9.a3 h5 10.Qf4 Ba5 11.b4 Nxc3 12.Nxc3 cxd4 13.Nb5 Bc7 14.Qxd4 Nc6 15.Qc5+ 
Kg8 16.Nxc7 Qxc7 17.f4 b6 18.Qc3 d4 19.Qc4 Qd7 20.Bb2 Bb7 21.O-O-O Rc8 22.
Qb3 g6 23.Kb1 Kg7 24.c4 Qc7 25.Bd3 a5 26.b5 Ne7 27.Rhg1 Nf5 28.Bxf5 gxf5 
29.Rxd4 Rh6 30.g3 Qc5 31.Rgd1 h4 32.Rg1 Rg6 33.Ka2 Be4 34.Qe3 a4 35.g4 Bc2
36.g5 Kf8 37.Bc3 Bb3+ 38.Kb2 Qc7 39.Bb4+ Kg8 40.Rg2 Rd8 41.Rxd8+ Qxd8 42.
Rd2 Qc7 43.Rd4 Rg7 44.Qd2 Kh7 45.Qf2 Kg6 46.Qf3 Rg8 47.Qf2 Kg7 48.g6 Qb7 
49.Qxh4 fxg6 50.Be7 Qg2+ 51.Kc3 Qf3+ 52.Kb4 Qh5 53.Bf6+ Kf7 54.Rd7+ Ke8 
55.Re7+ Kf8 56.Bg7+ 1-0

[Event "zonal 3.5 (w)"]
[Site "Zhongshan CHN"]
[Date "2013.11.06"]
[Round "9.2"]
[White "Lei Tingjie"]
[Black "Gu Tianlu"]
[Result "1-0"]
[WhiteElo "2320"]
[BlackElo "1984"]
[EventDate "2013.10.29"]
[PlyCount "129"]

1.d4 d5 2.c4 c6 3.cxd5 cxd5 4.Bf4 Nc6 5.e3 a6 6.Nc3 e6 7.Rc1 Nf6 8.Bd3 Bd6
9.Bxd6 Qxd6 10.f4 O-O 11.Nf3 b5 12.O-O Bb7 13.Ne5 Ne7 14.Qf3 Rac8 15.g4 
Nd7 16.Nxd7 Qxd7 17.f5 f6 18.fxe6 Qxe6 19.Rce1 Qd6 20.Rf2 Bc6 21.a3 Rce8 
22.Qh3 h6 23.Qh5 Rd8 24.Bb1 Be8 25.Qh3 Bg6 26.Ba2 Kh8 27.Qg2 Qd7 28.h4 h5 
29.gxh5 Bxh5 30.Bb1 Qg4 31.Qxg4 Bxg4 32.Ne2 Bxe2 33.Rfxe2 g6 34.Rg2 Kg7 
35.Bxg6 Nxg6 36.h5 Kh6 37.hxg6 Rg8 38.Rc1 Rxg6 39.Rc6 Re8 40.Rxg6+ Kxg6 
41.Kf2 Ra8 42.Kf3 a5 43.Rc5 b4 44.a4 Rh8 45.Rxd5 Rh2 46.b3 Rb2 47.Rxa5 
Rxb3 48.Rb5 Rb1 49.a5 b3 50.a6 b2 51.a7 Ra1 52.Rxb2 Rxa7 53.Kf4 Re7 54.Rb6
Kf7 55.Rc6 Kg6 56.e4 Rd7 57.d5 Re7 58.Re6 Rd7 59.d6 Ra7 60.e5 Ra4+ 61.Ke3 
Kf5 62.d7 Ra3+ 63.Kd2 Ra2+ 64.Kc3 Ra3+ 65.Kb4 1-0

[Event "zonal 3.5 (w)"]
[Site "Zhongshan CHN"]
[Date "2013.11.06"]
[Round "9.4"]
[White "Shen Yang"]
[Black "Zhai Mo"]
[Result "1-0"]
[WhiteElo "2415"]
[BlackElo "2301"]
[EventDate "2013.10.29"]
[PlyCount "121"]

1.d4 Nf6 2.c4 e6 3.Nc3 Bb4 4.e3 O-O 5.Ne2 d5 6.a3 Bd6 7.c5 Be7 8.Nf4 b6 9.
b4 c6 10.Be2 a5 11.Rb1 Ba6 12.O-O Nbd7 13.Bb2 Qc7 14.Qc2 Rfc8 15.Rfc1 Bf8 
16.h3 g6 17.Qd2 Qd8 18.Bxa6 Rxa6 19.Qe2 Raa8 20.Nd3 Bg7 21.Rc2 h5 22.Bc1 
Rab8 23.Rcb2 Ne4 24.Bd2 e5 25.Nxe4 dxe4 26.Nxe5 Nxe5 27.dxe5 axb4 28.Bxb4 
Bxe5 29.Rd2 Qf6 30.Qc4 bxc5 31.Qxc5 Qe6 32.Rc1 Rb5 33.Qc4 Qxc4 34.Rxc4 Bb8
35.Rxe4 Rd5 36.Red4 Rxd4 37.Rxd4 Kg7 38.Kf1 Kf6 39.Rd7 g5 40.g4 hxg4 41.
hxg4 Be5 42.Bc5 Rb8 43.Ra7 Rb5 44.Be7+ Kg6 45.Ra6 Rb1+ 46.Ke2 Rb2+ 47.Kf3 
Rc2 48.Ra5 Bf6 49.Rc5 Rxc5 50.Bxc5 Bd8 51.Ke4 Kf6 52.Bb4 Bb6 53.a4 Ke6 54.
a5 Ba7 55.Bc3 c5 56.Be5 f6 57.Bc7 Kd7 58.Bg3 Kc6 59.Kd3 Kd7 60.Kc4 Kc6 61.
e4 1-0

[Event "zonal 3.5 (w)"]
[Site "Zhongshan CHN"]
[Date "2013.11.06"]
[Round "9.5"]
[White "Liu Manli"]
[Black "Wang Doudou"]
[Result "0-1"]
[WhiteElo "2133"]
[BlackElo "2226"]
[EventDate "2013.10.29"]
[PlyCount "110"]

1.e4 e5 2.Nf3 Nc6 3.Bb5 a6 4.Ba4 Nf6 5.d3 b5 6.Bb3 Bc5 7.c3 d6 8.O-O O-O 
9.Re1 Bb6 10.Nbd2 Bb7 11.Nf1 d5 12.Bg5 dxe4 13.dxe4 h6 14.Be3 Bxe3 15.Rxe3
Qxd1 16.Rxd1 Rad8 17.Rxd8 Rxd8 18.Bc2 Kf8 19.N1d2 Ke7 20.Kf1 Ng4 21.Rd3 
Rxd3 22.Bxd3 Kd6 23.h3 Nf6 24.Ke2 Nd7 25.Bc2 Na5 26.b4 Nc6 27.Bb3 Nd8 28.
c4 c5 29.a3 Ne6 30.g3 f6 31.Kd3 Bc6 32.Kc3 Ng5 33.Nxg5 hxg5 34.Kd3 Nf8 35.
Ke3 Bd7 36.Bd1 Be6 37.Be2 Kc6 38.Bf1 Nd7 39.h4 gxh4 40.gxh4 Nb6 41.cxb5+ 
axb5 42.bxc5 Kxc5 43.f4 Nc4+ 44.Bxc4 exf4+ 45.Kxf4 bxc4 46.Ke3 c3 47.Nf3 
Kc4 48.Nd4 Bd7 49.Nf3 Kb3 50.Nd4+ Kxa3 51.Kf4 Kb2 52.e5 fxe5+ 53.Kxe5 Bg4 
54.Kf4 Bh5 55.Kg5 g6 0-1

[Event "zonal 3.5 (w)"]
[Site "Zhongshan CHN"]
[Date "2013.11.06"]
[Round "9.6"]
[White "Su Yamin"]
[Black "Wang Xinyue"]
[Result "1-0"]
[WhiteElo "2209"]
[BlackElo "2126"]
[EventDate "2013.10.29"]
[PlyCount "57"]

1.e4 e5 2.Nf3 Nc6 3.Bb5 Nge7 4.O-O g6 5.c3 a6 6.Ba4 Bg7 7.d4 exd4 8.cxd4 
b5 9.Bb3 d6 10.h3 O-O 11.Nc3 Na5 12.Bc2 c5 13.d5 h6 14.Re1 Nc4 15.Bd3 Nb6 
16.Ne2 f5 17.Nf4 g5 18.Nh5 Bh8 19.exf5 Nxf5 20.Nh2 Bd4 21.Ng4 Kh8 22.Bd2 
Ng7 23.Nxh6 Rxf2 24.Be3 Bxe3 25.Rxe3 Qf8 26.Nxg7 Kxg7 27.Qh5 Qf6 28.Re7+ 
Qxe7 29.Qg6+ 1-0

[Event "zonal 3.5 (w)"]
[Site "Zhongshan CHN"]
[Date "2013.11.06"]
[Round "9.7"]
[White "Qin Ranran"]
[Black "Ren Xiaoyi"]
[Result "1/2-1/2"]
[WhiteElo "2045"]
[BlackElo "2198"]
[EventDate "2013.10.29"]
[PlyCount "50"]

1.e4 e5 2.Nf3 Nc6 3.Bb5 a6 4.Bxc6 dxc6 5.O-O Bg4 6.h3 h5 7.d3 Qf6 8.Be3 
Bxf3 9.Qxf3 Qxf3 10.gxf3 Bd6 11.Nd2 Ne7 12.Nc4 Ng6 13.Rfb1 Nf4 14.Bxf4 
exf4 15.Nxd6+ cxd6 16.b4 Kd7 17.a4 b5 18.axb5 axb5 19.Kf1 Kc7 20.Ke2 f6 
21.Rg1 Rxa1 22.Rxa1 Kb7 23.Ra5 g5 24.c4 bxc4 25.dxc4 Ra8 1/2-1/2

[Event "zonal 3.5 (w)"]
[Site "Zhongshan CHN"]
[Date "2013.11.06"]
[Round "9.8"]
[White "Xiao Yiyi"]
[Black "Li Xueyi"]
[Result "0-1"]
[WhiteElo "2187"]
[BlackElo "2134"]
[EventDate "2013.10.29"]
[PlyCount "64"]

1.d4 Nf6 2.c4 e6 3.g3 d5 4.Bg2 dxc4 5.Nf3 a6 6.O-O Nc6 7.e3 Bd7 8.Nc3 Bb4 
9.Qe2 b5 10.Ne5 Nxe5 11.Bxa8 Qxa8 12.dxe5 Bxc3 13.bxc3 Ne4 14.Ba3 Nxc3 15.
Qd2 Ne4 16.Qd4 Ng5 17.f3 Qxf3 18.Rxf3 Nxf3+ 19.Kf2 Nxd4 20.exd4 a5 21.Bc5 
Bc6 22.Ke3 f5 23.h3 g5 24.Rc1 Bd5 25.a3 h5 26.Rb1 c6 27.Bb6 h4 28.Kf2 
hxg3+ 29.Kxg3 Kf7 30.Bxa5 f4+ 31.Kg4 Kg6 32.Be1 Be4 0-1

[Event "zonal 3.5 (w)"]
[Site "Zhongshan CHN"]
[Date "2013.11.06"]
[Round "9.9"]
[White "Cai Jiaying"]
[Black "Hong Xing"]
[Result "1/2-1/2"]
[WhiteElo "2082"]
[BlackElo "1929"]
[EventDate "2013.10.29"]
[PlyCount "51"]

1.e4 c5 2.Nf3 Nc6 3.d4 cxd4 4.Nxd4 Nf6 5.Nc3 e5 6.Ndb5 d6 7.Bg5 a6 8.Na3 
b5 9.Nd5 Qa5+ 10.Bd2 Qd8 11.Bg5 Qa5+ 12.Bd2 Qd8 13.Nxf6+ Qxf6 14.c3 Qg6 
15.Qf3 Bg4 16.Qe3 Be7 17.Bd3 O-O 18.O-O f5 19.exf5 Bxf5 20.Bxf5 Qxf5 21.
Qb6 Nd8 22.c4 Rf6 23.Qc7 Rf7 24.cxb5 axb5 25.Rac1 d5 26.Qb6 1/2-1/2

[Event "zonal 3.5 (w)"]
[Site "Zhongshan CHN"]
[Date "2013.11.06"]
[Round "9.12"]
[White "Yao Lan"]
[Black "Xu Fei"]
[Result "1-0"]
[WhiteElo "1966"]
[BlackElo "1995"]
[EventDate "2013.10.29"]
[PlyCount "85"]

1.e4 c5 2.Nf3 d6 3.d4 cxd4 4.Nxd4 Nf6 5.Nc3 a6 6.Be2 e5 7.Nb3 Be7 8.Be3 
O-O 9.g4 Be6 10.g5 Nfd7 11.Qd2 Qc7 12.O-O-O b5 13.Nd5 Bxd5 14.exd5 Nb6 15.
Bxb6 Qxb6 16.f4 Nd7 17.Bg4 Ra7 18.Bxd7 Rxd7 19.Rhe1 Qc7 20.h4 Rc8 21.Na5 
f5 22.Nc6 e4 23.Kb1 Qb6 24.Nd4 g6 25.h5 Bf8 26.Ne6 b4 27.Qh2 a5 28.hxg6 a4
29.Rh1 Qb7 30.g7 Rxg7 31.Nxg7 Qxg7 32.Qd2 Qb7 33.Rh3 Rc3 34.Rdh1 Rxh3 35.
Rxh3 Bg7 36.Rh1 Qb5 37.Qd1 a3 38.Qh5 Qxd5 39.Qe8+ Bf8 40.g6 hxg6 41.Qxg6+ 
Bg7 42.Qe8+ Bf8 43.Rg1+ 1-0

[Event "zonal 3.5 (w)"]
[Site "Zhongshan CHN"]
[Date "2013.11.06"]
[Round "9.13"]
[White "Li Yunshan"]
[Black "Zhu Jiner"]
[Result "0-1"]
[WhiteElo "1767"]
[BlackElo "1829"]
[EventDate "2013.10.29"]
[PlyCount "66"]

1.d4 Nf6 2.c4 g6 3.Nc3 Bg7 4.e4 d6 5.h3 O-O 6.Nf3 e5 7.d5 a5 8.Be3 Na6 9.
g4 Nc5 10.Nd2 Bd7 11.Be2 c6 12.g5 Ne8 13.h4 Nc7 14.Nb3 Nxb3 15.Qxb3 cxd5 
16.cxd5 b5 17.h5 a4 18.Qb4 Qe7 19.Nb1 Na6 20.Qd2 Rfc8 21.Na3 Nc5 22.f3 
Rab8 23.Nc2 Rb7 24.Nb4 Rbc7 25.Kf2 f5 26.gxf6 Qxf6 27.Bxc5 Rxc5 28.Rag1 
Be8 29.h6 Bf8 30.a3 Be7 31.Qe3 Bd8 32.Nd3 Bb6 33.Qg5 Rc1+ 0-1

[Event "zonal 3.5 (w)"]
[Site "Zhongshan CHN"]
[Date "2013.11.06"]
[Round "9.16"]
[White "Xu Huahua"]
[Black "Jiang Zhaoyi"]
[Result "1-0"]
[WhiteElo "2125"]
[BlackElo "1891"]
[EventDate "2013.10.29"]
[PlyCount "61"]

1.e4 e6 2.d4 d5 3.Nd2 c5 4.exd5 Qxd5 5.Ngf3 cxd4 6.Bc4 Qd6 7.O-O Nf6 8.Nb3
Nc6 9.Nbxd4 Nxd4 10.Nxd4 a6 11.Re1 Qc7 12.Bf1 Bd6 13.Nf5 Bxh2+ 14.Kh1 O-O 
15.Nxg7 Rd8 16.Qf3 Kxg7 17.Bh6+ Kg6 18.Bd3+ Rxd3 19.cxd3 Nh5 20.Rac1 Qe7 
21.Kxh2 Kxh6 22.Re5 f5 23.Kg1 Qb4 24.Rc7 Rb8 25.Qe3+ Kg6 26.Rec5 b6 27.Rc4
Qf8 28.Rxc8 Rxc8 29.Qxe6+ Kg5 30.Rxc8 Qb4 31.Rg8+ 1-0

[Event "zonal 3.5 (w)"]
[Site "Zhongshan CHN"]
[Date "2013.11.07"]
[Round "10.1"]
[White "Tan Zhongyi"]
[Black "Wang Jue"]
[Result "0-1"]
[WhiteElo "2490"]
[BlackElo "2382"]
[EventDate "2013.10.29"]
[PlyCount "88"]

1.c4 g6 2.Nc3 Bg7 3.d4 Nf6 4.g3 O-O 5.Bg2 d6 6.Nf3 Nc6 7.O-O a6 8.Bf4 Rb8 
9.Rc1 h6 10.b3 g5 11.d5 gxf4 12.dxc6 fxg3 13.hxg3 bxc6 14.Nd4 Bd7 15.Nxc6 
Bxc6 16.Bxc6 e6 17.Bf3 h5 18.Kg2 h4 19.Rh1 hxg3 20.Qd3 Re8 21.Rh3 Kf8 22.
Rxg3 Bh6 23.e3 Ke7 24.Rh1 Rh8 25.c5 dxc5 26.Qc2 Qd6 27.Rd1 Qe5 28.Na4 Bxe3
29.Re1 Nd5 30.Kf1 Rh2 31.Bg2 Rbh8 32.Rgxe3 Nxe3+ 33.Rxe3 Qa1+ 34.Ke2 Rxg2 
35.Qxc5+ Kf6 36.Rf3+ Kg6 37.Qxc7 Qxa2+ 38.Kd3 Qxb3+ 39.Nc3 f5 40.Qd6 Rc8 
41.Qe5 Rg4 42.Kd2 Qb2+ 43.Kd3 Rd8+ 44.Ke3 Qd2# 0-1

[Event "zonal 3.5 (w)"]
[Site "Zhongshan CHN"]
[Date "2013.11.07"]
[Round "10.4"]
[White "Gu Tianlu"]
[Black "Su Yamin"]
[Result "1-0"]
[WhiteElo "1984"]
[BlackElo "2209"]
[EventDate "2013.10.29"]
[PlyCount "77"]

1.e4 c5 2.Nf3 Nc6 3.d4 cxd4 4.Nxd4 Nf6 5.Nc3 d6 6.h3 e6 7.g4 a6 8.Bg2 Qc7 
9.g5 Nd7 10.f4 Be7 11.Be3 Na5 12.O-O Nc4 13.Bc1 g6 14.b3 Ne3 15.Bxe3 Qxc3 
16.Nf5 Qc7 17.Bd4 Rf8 18.Ng7+ Kd8 19.f5 e5 20.Be3 Rg8 21.Qd5 Bf8 22.Ne6+ 
fxe6 23.fxe6 Rh8 24.exd7 Bxd7 25.c4 Bc6 26.Qd2 Kc8 27.b4 Qd7 28.Rac1 Kb8 
29.Bb6 Qe6 30.Rf6 Qd7 31.b5 axb5 32.cxb5 Bxb5 33.Rc7 Qe8 34.Rff7 Bc6 35.
Qc3 Ra6 36.Rxb7+ Ka8 37.Ra7+ Rxa7 38.Rxa7+ Kb8 39.Rc7 1-0

[Event "zonal 3.5 (w)"]
[Site "Zhongshan CHN"]
[Date "2013.11.07"]
[Round "10.7"]
[White "Liu Hongyan"]
[Black "Cai Jiaying"]
[Result "0-1"]
[WhiteElo "2058"]
[BlackElo "2082"]
[EventDate "2013.10.29"]
[PlyCount "88"]

1.d4 d5 2.Bf4 Nf6 3.Nf3 c5 4.e3 Nc6 5.Nc3 Bg4 6.Be2 e6 7.h3 Bh5 8.g4 Bg6 
9.Ne5 cxd4 10.exd4 Bb4 11.Kf1 Bxc3 12.bxc3 Ne4 13.Qe1 Nxe5 14.Bxe5 f6 15.
Bf4 Rc8 16.Bd3 Kf7 17.c4 Re8 18.f3 e5 19.cxd5 Nc3 20.Bxg6+ Kxg6 21.Qh4 h6 
22.dxe5 Qxd5 23.Kg2 Kh7 24.Qh5 fxe5 25.Be3 Rf8 26.Rhf1 e4 27.Qxd5 Nxd5 28.
Bxa7 Rxc2+ 29.Rf2 Rxf2+ 30.Bxf2 Rxf3 31.Bd4 Nf4+ 32.Kh2 Rxh3+ 33.Kg1 Rg3+ 
34.Kf2 Rf3+ 35.Ke1 e3 36.Rb1 Ng2+ 37.Ke2 Rf2+ 38.Kd3 Rd2+ 39.Kc3 Rxd4 40.
Kxd4 e2 41.Kc5 e1=Q 42.Rxe1 Nxe1 43.Kb6 Nd3 44.Kxb7 Nb2 0-1

[Event "zonal 3.5 (w)"]
[Site "Zhongshan CHN"]
[Date "2013.11.07"]
[Round "10.8"]
[White "Ren Xiaoyi"]
[Black "Liu Manli"]
[Result "1/2-1/2"]
[WhiteElo "2198"]
[BlackElo "2133"]
[EventDate "2013.10.29"]
[PlyCount "51"]

1.d4 Nf6 2.c4 e6 3.Nf3 d5 4.Bg5 Be7 5.e3 O-O 6.Nc3 h6 7.Bh4 b6 8.Bd3 Bb7 
9.O-O Nbd7 10.Rc1 c5 11.Qe2 Ne4 12.Bxe7 Qxe7 13.cxd5 exd5 14.Ba6 Nxc3 15.
Rxc3 Nf6 16.dxc5 Ne4 17.Rc2 bxc5 18.Bxb7 Qxb7 19.Nd2 Nxd2 20.Qxd2 c4 21.
Rd1 Rfd8 22.Qa5 Qb6 23.Qc3 Rab8 24.h3 Rd6 25.Rcd2 Qb4 26.Qd4 1/2-1/2

[Event "zonal 3.5 (w)"]
[Site "Zhongshan CHN"]
[Date "2013.11.07"]
[Round "10.11"]
[White "Hong Xing"]
[Black "Yao Lan"]
[Result "1/2-1/2"]
[WhiteElo "1929"]
[BlackElo "1966"]
[EventDate "2013.10.29"]
[PlyCount "121"]

1.e4 c5 2.Nf3 d6 3.d4 cxd4 4.Nxd4 Nf6 5.Nc3 a6 6.Bg5 e6 7.f4 Be7 8.Qf3 h6 
9.Bh4 g5 10.fxg5 Nfd7 11.Bg3 Ne5 12.Bxe5 dxe5 13.Nb3 hxg5 14.Bd3 Nc6 15.
O-O-O Qc7 16.Rdf1 f6 17.h4 gxh4 18.Qg4 Bd7 19.Qg6+ Kd8 20.Rxf6 Be8 21.Qg7 
Rh5 22.Be2 Bxf6 23.Qxf6+ Qe7 24.Qxe7+ Kxe7 25.Bxh5 Bxh5 26.Rxh4 Bf7 27.Rg4
b5 28.Nc5 Nd4 29.Nd3 Kf6 30.Kd2 Rh8 31.Nd1 Rh2 32.Rg3 Bh5 33.N1f2 Rh4 34.
c3 Nc6 35.Ke3 a5 36.Rh3 Rxh3+ 37.Nxh3 Nd8 38.b3 Nb7 39.Nhf2 Nd8 40.Nc5 Ke7
41.Ncd3 Kf6 42.c4 bxc4 43.bxc4 Nc6 44.Kd2 Kg5 45.Kc3 Kh4 46.c5 Kg3 47.Kc4 
Kxg2 48.Kb5 Be8 49.Kb6 Kf3 50.Kc7 Ke3 51.Kd6 Kd4 52.Nc1 a4 53.Ncd3 a3 54.
Kxe6 Bg6 55.Kd7 Na5 56.c6 Nxc6 57.Kxc6 Bxe4+ 58.Nxe4 Kxe4 59.Nxe5 Kxe5 60.
Kc5 Ke6 61.Kb4 1/2-1/2

[Event "zonal 3.5 (w)"]
[Site "Zhongshan CHN"]
[Date "2013.11.07"]
[Round "10.12"]
[White "Huang Mofei"]
[Black "Yuan Ye"]
[Result "1-0"]
[WhiteElo "1984"]
[BlackElo "2037"]
[EventDate "2013.10.29"]
[PlyCount "91"]

1.d4 Nf6 2.c4 e6 3.Nc3 d5 4.e3 Be7 5.Nf3 O-O 6.Qc2 b6 7.b3 Bb7 8.Be2 Nbd7 
9.O-O c5 10.Bb2 cxd4 11.exd4 Rc8 12.Ne5 dxc4 13.bxc4 Qc7 14.Nb5 Qb8 15.Qa4
a6 16.Nxd7 Nxd7 17.Nc3 Nf6 18.Qb3 Ne4 19.Nxe4 Bxe4 20.Ba3 Bd6 21.Bxd6 Qxd6
22.Rfd1 Rfd8 23.Rac1 Qc6 24.f3 Bg6 25.a4 h6 26.Ra1 e5 27.d5 Qc5+ 28.Kf1 e4
29.f4 f5 30.a5 b5 31.cxb5 axb5 32.d6+ Bf7 33.Qxb5 Qe3 34.Qxf5 Rc2 35.Re1 
Rxe2 36.Rxe2 Qd4 37.Qe5 Qd3 38.Qxe4 Bc4 39.Qxd3 Bxd3 40.Rd1 Bxe2+ 41.Kxe2 
Kf7 42.d7 Ke6 43.a6 Ke7 44.a7 g6 45.Ke3 Ke6 46.a8=Q 1-0

[Event "zonal 3.5 (w)"]
[Site "Zhongshan CHN"]
[Date "2013.11.07"]
[Round "10.14"]
[White "Xu Fei"]
[Black "Zhao Shengxin"]
[Result "1-0"]
[WhiteElo "1995"]
[BlackElo "1805"]
[EventDate "2013.10.29"]
[PlyCount "85"]

1.e4 c5 2.Nc3 Nc6 3.g3 g6 4.Bg2 Bg7 5.d3 d6 6.Be3 Nf6 7.h3 O-O 8.Nge2 Rb8 
9.Qd2 Re8 10.O-O b5 11.Bh6 Bh8 12.f4 Bd7 13.f5 Ne5 14.g4 Bc6 15.Ng3 Nfd7 
16.Bf4 b4 17.Nd1 a5 18.Ne3 Nb6 19.g5 Na4 20.Qf2 Rf8 21.Rab1 Bb7 22.h4 Nc6 
23.Ng4 Bxb2 24.Nh6+ Kg7 25.Rxb2 Nxb2 26.Bc1 Na4 27.h5 Ne5 28.f6+ exf6 29.
gxf6+ Kh8 30.Qf4 Bc8 31.Qg5 Be6 32.Nhf5 Nc6 33.Ng7 Rb7 34.Qh6 Ne5 35.N7f5 
Rg8 36.Ne7 Ng4 37.Qg5 h6 38.Qf4 g5 39.Qd2 Re8 40.Bh3 Nxf6 41.Nc6 Qc7 42.
Rxf6 Bxh3 43.Rxh6+ 1-0

[Event "zonal 3.5 (w)"]
[Site "Zhongshan CHN"]
[Date "2013.11.07"]
[Round "10.17"]
[White "Jiang Zhaoyi"]
[Black "Bai Xue"]
[Result "1-0"]
[WhiteElo "1891"]
[BlackElo "1581"]
[EventDate "2013.10.29"]
[PlyCount "81"]

1.d4 Nf6 2.c4 e6 3.Nc3 d5 4.Nf3 c5 5.e3 Nc6 6.Bd3 Bd6 7.O-O O-O 8.b3 b6 9.
Bb2 Bb7 10.Rc1 Rc8 11.cxd5 Nxd5 12.Nxd5 exd5 13.Bb1 Ne7 14.Qd3 f5 15.Rfd1 
Qd7 16.dxc5 Rxc5 17.b4 Rcc8 18.a3 Rxc1 19.Rxc1 Ng6 20.h4 Qe6 21.Ng5 Qd7 
22.Nf3 Qe6 23.Qc3 Qd7 24.h5 Rc8 25.Qd4 Rxc1+ 26.Bxc1 Nf8 27.Qd3 g6 28.Bb2 
Ne6 29.h6 Kf7 30.Qc3 Ke8 31.Qh8+ Nf8 32.Ng5 Qe7 33.Nf3 Qc7 34.Bd3 a6 35.
Ne5 Bxe5 36.Bxe5 Qf7 37.Bg7 b5 38.Bxf8 Qxf8 39.Qxh7 Qf7 40.Qh8+ Qf8 41.
Qe5+ 1-0

[Event "zonal 3.5 (w)"]
[Site "Zhongshan CHN"]
[Date "2013.11.08"]
[Round "11.1"]
[White "Wang Jue"]
[Black "Gu Tianlu"]
[Result "1-0"]
[WhiteElo "2382"]
[BlackElo "1984"]
[EventDate "2013.10.29"]
[PlyCount "135"]

1.e4 e5 2.Nf3 Nf6 3.Nxe5 d6 4.Nf3 Nxe4 5.d4 d5 6.Bd3 Bd6 7.O-O O-O 8.c4 c6
9.Qc2 f5 10.Nc3 Be6 11.c5 Bc7 12.Ne2 Nd7 13.Bf4 Bxf4 14.Nxf4 Bf7 15.b4 Qf6
16.Rab1 g5 17.Ne2 Bh5 18.b5 Rab8 19.Kh1 f4 20.Nc3 g4 21.Nd2 Nxc3 22.Qxc3 
f3 23.g3 Bg6 24.Rfe1 Rfe8 25.bxc6 Qxc6 26.h4 Bxd3 27.Qxd3 Qg6 28.Qb3 Qc6 
29.Qd3 Qg6 30.Qb3 Qc6 31.Nf1 Nf6 32.Ne3 Re4 33.Red1 Qe6 34.Rd3 Qc6 35.Qa3 
Ra8 36.Rdb3 Re7 37.Nf5 Rc7 38.Rb6 axb6 39.Qxa8+ Kf7 40.Rxb6 Qd7 41.Nd6+ 
Kg6 42.Ne8 Rc6 43.Nxf6 Qe7 44.Qg8+ Kxf6 45.Qg5+ Kf7 46.Qxe7+ Kxe7 47.Rxb7+
Kd8 48.Rb6 Rc7 49.Rd6+ Kc8 50.Rxd5 Ra7 51.Rg5 Rxa2 52.Rxg4 Rxf2 53.Kg1 
Rg2+ 54.Kf1 Kd7 55.d5 Rd2 56.Rg7+ Kd8 57.d6 Rc2 58.d7 h6 59.Rh7 Rxc5 60.
Rxh6 Kxd7 61.Rf6 Rc3 62.Kf2 Ke7 63.Rxf3 Rc2+ 64.Kg1 Ke6 65.Rf2 Rc3 66.Kh2 
Ke5 67.Kh3 Rc4 68.h5 1-0

[Event "zonal 3.5 (w)"]
[Site "Zhongshan CHN"]
[Date "2013.11.08"]
[Round "11.2"]
[White "Li Xueyi"]
[Black "Lei Tingjie"]
[Result "1/2-1/2"]
[WhiteElo "2134"]
[BlackElo "2320"]
[EventDate "2013.10.29"]
[PlyCount "100"]

1.d4 Nf6 2.c4 g6 3.Nc3 d5 4.Nf3 Bg7 5.e3 O-O 6.Qb3 e6 7.Bd2 Re8 8.Be2 c5 
9.dxc5 Nbd7 10.cxd5 Nxc5 11.Qc4 b6 12.dxe6 Bxe6 13.Qh4 Nd3+ 14.Bxd3 Qxd3 
15.Rd1 Qc2 16.Bc1 Nd5 17.O-O Nxc3 18.bxc3 Qxc3 19.Ng5 h6 20.Nxe6 Rxe6 21.
f3 Qc2 22.a3 Rae8 23.e4 h5 24.h3 Bb2 25.Qf4 Bxc1 26.Rxc1 Qd3 27.Rfd1 Qxa3 
28.Rc7 R6e7 29.Rdd7 Qa1+ 30.Kh2 Rxd7 31.Rxd7 Rf8 32.e5 Qa2 33.Re7 Qc2 34.
Qf6 Qf5 35.Qxf5 gxf5 36.Rxa7 Re8 37.f4 Re6 38.Rb7 h4 39.g3 hxg3+ 40.Kxg3 
Kg7 41.Kh4 Kg6 42.Rd7 f6 43.Rd5 Rc6 44.Rb5 Kh6 45.Kg3 Rc3+ 46.Kf2 fxe5 47.
Rxb6+ Kg7 48.fxe5 Rxh3 49.Rf6 f4 50.Rxf4 Rh5 1/2-1/2

[Event "zonal 3.5 (w)"]
[Site "Zhongshan CHN"]
[Date "2013.11.08"]
[Round "11.4"]
[White "Cai Jiaying"]
[Black "Ni Shiqun"]
[Result "1/2-1/2"]
[WhiteElo "2082"]
[BlackElo "2207"]
[EventDate "2013.10.29"]
[PlyCount "136"]

1.e4 e6 2.d4 d5 3.Nd2 c5 4.exd5 Qxd5 5.dxc5 Qxc5 6.Ngf3 Nf6 7.Bd3 Nbd7 8.
O-O Be7 9.Qe2 Qc7 10.Ne4 Nxe4 11.Qxe4 Nc5 12.Bb5+ Bd7 13.Bxd7+ Qxd7 14.Qe2
O-O 15.Be3 Qc7 16.Bd4 Rfd8 17.Rfd1 Rac8 18.Rac1 Qf4 19.c4 b6 20.b3 h6 21.
Kf1 Ne4 22.Be5 Qf5 23.Bd4 Rc7 24.Bb2 Rcd7 25.Rxd7 Rxd7 26.Re1 Nc5 27.Bd4 
Nd3 28.Rd1 Nf4 29.Qe5 Qg4 30.g3 Nh3 31.Rd3 f6 32.Qe2 e5 33.Bc3 Rxd3 34.
Qxd3 Bc5 35.Be1 a5 36.Nh4 Qe6 37.Qf5 Ng5 38.Ke2 Qc6 39.Qd3 Ne6 40.Nf5 e4 
41.Qd5 Qxd5 42.cxd5 Nd4+ 43.Nxd4 Bxd4 44.Bd2 Be5 45.Be3 Bc7 46.Bd4 f5 47.
Ke3 Kf7 48.f3 exf3 49.Kxf3 g5 50.Ke3 h5 51.Kd3 Ke7 52.Be3 f4 53.gxf4 gxf4 
54.Bf2 b5 55.Ke4 a4 56.bxa4 bxa4 57.Bc5+ Kd7 58.h3 Bd6 59.Bxd6 Kxd6 60.
Kxf4 Kxd5 61.Kg5 a3 62.Kxh5 Kc4 63.Kg6 Kc3 64.h4 Kb2 65.h5 Kxa2 66.h6 Kb1 
67.h7 a2 68.h8=Q a1=Q 1/2-1/2

[Event "zonal 3.5 (w)"]
[Site "Zhongshan CHN"]
[Date "2013.11.08"]
[Round "11.6"]
[White "Wang Xinyue"]
[Black "Tan Zhongyi"]
[Result "0-1"]
[WhiteElo "2126"]
[BlackElo "2490"]
[EventDate "2013.10.29"]
[PlyCount "74"]

1.d4 d5 2.Nc3 Nf6 3.Bg5 Bf5 4.Bxf6 exf6 5.e3 c6 6.Bd3 Be6 7.Nf3 Nd7 8.O-O 
f5 9.Ne2 Bd6 10.b3 O-O 11.c4 Nf6 12.Nf4 Ne4 13.c5 Bc7 14.h4 Qf6 15.g3 Rae8
16.Kg2 Bc8 17.b4 a6 18.a4 h6 19.Rh1 g5 20.hxg5 hxg5 21.Rh5 gxf4 22.Bxe4 
fxe4 23.Rg5+ Qxg5 24.Nxg5 f3+ 25.Nxf3 Bg4 26.Qc2 Bxf3+ 27.Kf1 Kg7 28.Ke1 
Rh8 29.Kd2 Rh2 30.Kc3 Re6 31.Rg1 Bg4 32.b5 Ba5+ 33.Kb3 Rf6 34.bxa6 bxa6 
35.Qb1 Rfxf2 36.Rf1 Rxf1 37.Qxf1 Be2 0-1

[Event "zonal 3.5 (w)"]
[Site "Zhongshan CHN"]
[Date "2013.11.08"]
[Round "11.7"]
[White "Su Yamin"]
[Black "Ren Xiaoyi"]
[Result "1-0"]
[WhiteElo "2209"]
[BlackElo "2198"]
[EventDate "2013.10.29"]
[PlyCount "101"]

1.e4 e5 2.Nf3 Nc6 3.Bb5 a6 4.Ba4 Nf6 5.O-O b5 6.Bb3 Be7 7.d3 d6 8.c3 O-O 
9.Re1 Na5 10.Bc2 c5 11.Nbd2 Ne8 12.d4 cxd4 13.cxd4 Qc7 14.h3 Bd7 15.Nf1 
Rc8 16.Ne3 Nf6 17.b3 Nc6 18.Bb2 Nb4 19.Bb1 Rfd8 20.a3 exd4 21.Nxd4 Nc6 22.
Ndf5 Bxf5 23.Nxf5 Ne5 24.f4 Ng6 25.Qf3 d5 26.e5 Bc5+ 27.Kh1 Ne4 28.Bxe4 
dxe4 29.Qxe4 Rd2 30.Bd4 Bxd4 31.Nxd4 Qb6 32.Nf3 Rb2 33.f5 Qf2 34.Rg1 Nf8 
35.e6 fxe6 36.fxe6 Qe2 37.Rae1 Qxe4 38.Rxe4 Ng6 39.Nd4 Ne7 40.Rf1 Ra2 41.
Rf7 Re8 42.Rg4 Ng6 43.Ra7 Rxa3 44.h4 b4 45.h5 Ne7 46.Nc6 Nf5 47.Rg5 Ra1+ 
48.Kh2 Rc1 49.Nxb4 a5 50.Nd5 Rf1 51.Nf6+ 1-0

[Event "zonal 3.5 (w)"]
[Site "Zhongshan CHN"]
[Date "2013.11.08"]
[Round "11.8"]
[White "Liu Hongyan"]
[Black "Zhu Jiner"]
[Result "0-1"]
[WhiteElo "2058"]
[BlackElo "1829"]
[EventDate "2013.10.29"]
[PlyCount "110"]

1.d4 Nf6 2.Bf4 g6 3.Nf3 Bg7 4.e3 d6 5.h3 O-O 6.Be2 Nbd7 7.O-O b6 8.a4 a6 
9.Nbd2 Bb7 10.c3 Qe8 11.Bh2 e5 12.dxe5 Nxe5 13.Qc2 Qe7 14.Rfe1 Rad8 15.e4 
Rfe8 16.Rad1 Ned7 17.Bc4 Nxe4 18.Bxf7+ Qxf7 19.Nxe4 Qf5 20.Qb3+ Kh8 21.
Neg5 Rxe1+ 22.Rxe1 Bd5 23.Qd1 Nf6 24.g4 Qd7 25.Nd4 Re8 26.Rxe8+ Qxe8 27.
Ngf3 Qe4 28.Kg2 c5 29.Nb3 Qxa4 30.g5 Bxb3 31.Qxd6 Ne8 32.Qe7 Bd5 33.Be5 
Bxf3+ 34.Kxf3 Qc6+ 35.Ke3 Kg8 36.f4 c4 37.Kd2 Bf8 38.Qd8 Kf7 39.Qd4 Qg2+ 
40.Ke1 Qg3+ 41.Kd2 Qd3+ 42.Qxd3 cxd3 43.Kxd3 Bd6 44.Bd4 Bxf4 45.Bxb6 Bxg5 
46.c4 Ke6 47.b4 Nd6 48.c5 Nc8 49.Bc7 Kd5 50.Bg3 Na7 51.Kc3 Nc6 52.Bc7 Bh4 
53.Kb3 Be1 54.Bd6 Bxb4 55.h4 Bxc5 0-1

[Event "zonal 3.5 (w)"]
[Site "Zhongshan CHN"]
[Date "2013.11.08"]
[Round "11.9"]
[White "Qin Ranran"]
[Black "Hong Xing"]
[Result "1-0"]
[WhiteElo "2045"]
[BlackElo "1929"]
[EventDate "2013.10.29"]
[PlyCount "83"]

1.e4 c5 2.c3 d5 3.exd5 Qxd5 4.d4 Nf6 5.Nf3 e6 6.Be2 Be7 7.O-O O-O 8.dxc5 
Bxc5 9.b4 Be7 10.Qc2 a6 11.Rd1 Qc6 12.a4 Nbd7 13.Qb3 Nd5 14.Bd2 Qc7 15.g3 
b6 16.c4 N5f6 17.Nc3 Bb7 18.Bf4 e5 19.Be3 Rac8 20.Nd5 Nxd5 21.cxd5 Qd6 22.
a5 b5 23.Rab1 h6 24.Ne1 f5 25.f4 e4 26.Nc2 Kh7 27.Nd4 Qb8 28.Ne6 Rg8 29.
Nd4 Rgf8 30.Ne6 Rg8 31.Nd4 Rgf8 32.d6 Bxd6 33.Nxf5 Rxf5 34.Qe6 Rf6 35.Qxd7
Rc7 36.Qh3 Qf8 37.Bd4 Rff7 38.Qe6 Bxb4 39.Bh5 Rfd7 40.Rxb4 Bd5 41.Qg6+ Kg8
42.Qe8 1-0

[Event "zonal 3.5 (w)"]
[Site "Zhongshan CHN"]
[Date "2013.11.08"]
[Round "11.12"]
[White "Xu Huahua"]
[Black "Xu Fei"]
[Result "1/2-1/2"]
[WhiteElo "2125"]
[BlackElo "1995"]
[EventDate "2013.10.29"]
[PlyCount "114"]

1.e4 c5 2.Nf3 d6 3.d4 cxd4 4.Nxd4 Nf6 5.Nc3 a6 6.Be2 e5 7.Nb3 Be7 8.Bg5 
Be6 9.Bxf6 Bxf6 10.Qd3 Qb6 11.Nd5 Bxd5 12.Qxd5 O-O 13.O-O Qc7 14.c3 Nc6 
15.a4 Ne7 16.Qc4 Qd7 17.Rfd1 Rac8 18.Qb4 Rfd8 19.Na5 Nc6 20.Nxc6 Rxc6 21.
Bc4 g6 22.Rd3 Kg7 23.Rad1 Be7 24.Bd5 Rc7 25.Qb3 Rf8 26.Rf3 Bg5 27.h3 h5 
28.Rfd3 Rd8 29.Qb6 Rdc8 30.Bb3 Be7 31.Rd5 Qc6 32.Qe3 Rf8 33.a5 Rcc8 34.f4 
exf4 35.Qxf4 b6 36.R1d2 bxa5 37.Kh1 a4 38.Bd1 a3 39.bxa3 Qxc3 40.Bxh5 Qxa3
41.R2d3 Rc1+ 42.Bd1 Rc3 43.Rxc3 Qxc3 44.Qd2 Qg3 45.Rd3 Qe5 46.Qc3 Bf6 47.
Qxe5 Bxe5 48.g4 Rb8 49.Rb3 Rc8 50.Kg2 Kf6 51.Rb7 a5 52.Bb3 d5 53.Bxd5 Rc7 
54.Rxc7 Bxc7 55.Bc6 Kg5 56.Kf3 f5 57.exf5 gxf5 1/2-1/2